000 00540nam a2200241Ia 4500
003 OSt
005 20220912152302.0
006 a|||||r|||| 00| 0
007 ta
008 220909b |||||||| |||| 00| 0 eng d
024 _a53616
037 _cTextual
040 _aCSL
_beng
_cCSL
041 _aeng
082 _aK, L2
100 _aMedawar Peter
245 0 _aAnimal in its world
260 _c1972
300 _ap.
_ccm.
650 _aZoology
942 _hK, L2
_cTEXL
_2CC
999 _c83830
_d83830